| 000 | 00405 a2200157 4500 | ||
|---|---|---|---|
| 082 | _a428 UNI | ||
| 090 |
_c38832 _d38832 |
||
| 100 | _aOxford University Press | ||
| 245 |
_aEast and West _hEnglish |
||
| 260 |
_aLahore _bOxford University Press _c2007 |
||
| 300 | _aviii 239 p. | ||
| 500 | _aBE textbook CFT & CAE | ||
| 538 | _aCFT textbook | ||
| 610 | _aUniversity Press | ||
| 942 |
_aNUST-CAE _k428 UNI |
||
| 999 |
_c464559 _d464559 |
||